Music Quiz

Random Music or Song Quiz

James Bond Song Performers Quiz Stats

 Plays Quiz Updated Mar 29, 2020

     
Support Sporcle.
Go Orange.
Score 0/25 Timer 06:00
1 Play Today
Movie Performer % Correct
SkyfallAdele
91.2%
Live and Let DiePaul McCartney & Wings
79.1%
Die Another DayMadonna
75.4%
GoldfingerShirley Bassey
73.4%
Diamonds Are ForeverShirley Bassey
73.4%
MoonrakerShirley Bassey
73.4%
SpectreSam Smith
71%
A View to a KillDuran Duran
70.1%
No Time to DieBillie Eilish
64.6%
GoldenEyeTina Turner
61.4%
Quantum of SolaceJack White & Alicia Keys
52.7%
The Spy Who Loved MeCarly Simon
51.8%
ThunderballTom Jones
51.7%
Movie Performer % Correct
The Living Daylightsa-ha
49.6%
The World Is Not EnoughGarbage
49.6%
For Your Eyes OnlySheena Easton
48.7%
Casino RoyaleChris Cornell
42.9%
Tomorrow Never DiesSheryl Crow
42.1%
You Only Live TwiceNancy Sinatra
39.2%
On Her Majesty's Secret ServiceLouis Armstrong
38.6%
The Man with the Golden GunLulu
38.4%
From Russia With LoveMatt Monro
36.7%
Dr. NoMonty Norman
30%
Licence to KillGladys Knight
29.9%
OctopussyRita Coolidge
23.3%

From the Vault

What Movie? Actors' Films by Initials II

by Larryholmes79

Movies 9m
Just don't ask us to start accepting initials for all these movies.
Remove Ads.
Support Sporcle.
Get the best of Sporcle when you Go Orange. This ad-free experience offers more features, more stats, and more fun while also helping to support Sporcle. Thank you for becoming a member.

Show Comments

Extras

Top Quizzes Today


Score Distribution

Your Account Isn't Verified!

In order to create a playlist on Sporcle, you need to verify the email address you used during registration. Go to your Sporcle Settings to finish the process.

Report this User

Report this user for behavior that violates our Community Guidelines.

Details: